Rural resource development : (Record no. 58511)
[ view plain ]
| 000 -LEADER | |
|---|---|
| fixed length control field | 00867cam a2200277 i 4500 |
| 001 - CONTROL NUMBER | |
| control field | 58511 |
| 003 - CONTROL NUMBER IDENTIFIER | |
| rucl marc code | BD-RjUL |
| 005 - DATE AND TIME OF LATEST TRANSACTION | |
| control field | 20211209080630.0 |
| 008 - FIXED-LENGTH DATA ELEMENTS--GENERAL INFORMATION | |
| fixed length control field | 790905s1978 enka b 000 0 eng |
| 020 ## - INTERNATIONAL STANDARD BOOK NUMBER | |
| International Standard Book Number | 0416707300 : |
| Terms of availability | £10.50 |
| 035 ## - SYSTEM CONTROL NUMBER | |
| System control number | (BD-RjUL)58635 |
| 040 ## - CATALOGING SOURCE | |
| Original cataloging agency | DLC |
| Transcribing agency | DLC |
| Modifying agency | DLC |
| Language of cataloging | eng |
| 041 ## - LANGUAGE CODE | |
| Language code of text/sound track or separate title | eng |
| 082 00 - DEWEY DECIMAL CLASSIFICATION NUMBER | |
| Classification number | 333.760942 |
| Edition number | 23 |
| Author mark and year | WHR 1978 |
| 100 1# - MAIN ENTRY--PERSONAL NAME | |
| Personal name | Whitby, Martin Charles. |
| 9 (RLIN) | 173812 |
| 245 10 - TITLE STATEMENT | |
| Title | Rural resource development : |
| Remainder of title | an economic approach. |
| 250 ## - EDITION STATEMENT | |
| Edition statement | 2nd ed. / |
| 260 ## - PUBLICATION, DISTRIBUTION, ETC. (IMPRINT) | |
| Place of publication, distribution, etc. | London : |
| Name of publisher, distributor, etc. | Methuen, |
| Date of publication, distribution, etc. | 1978. |
| 300 ## - PHYSICAL DESCRIPTION | |
| Pagination | vii, 303 p. : |
| Illustrations | ill. ; |
| Size | 23 cm. |
| 504 ## - BIBLIOGRAPHY, ETC. NOTE | |
| Bibliography, etc | Bibliography: p. [282]-297. |
| 650 #0 - SUBJECT ADDED ENTRY--TOPICAL TERM | |
| Topical term or geographic name as entry element | Land use, Rural |
| General subdivision | Planning |
| Geographic subdivision | Great Britain. |
| 9 (RLIN) | 173813 |
| Topical term or geographic name as entry element | Rural development |
| Geographic subdivision | Great Britain. |
| 9 (RLIN) | 172947 |
| 700 1# - ADDED ENTRY--PERSONAL NAME | |
| Personal name | Willis, K. G. |
| Fuller form of name | (Kenneth George), |
| Relator term | joint author. |
| 942 ## - ADDED ENTRY ELEMENTS (KOHA) | |
| Source of classification or shelving scheme | Dewey Decimal Classification |
| Koha item type | Books |
| Lost status | Source of classification or shelving scheme | Damaged status | Not for loan | Collection code | Permanent Location | Current Location | Shelving location | Date acquired | Source of acquisition | Cost, normal purchase price | Total Checkouts | Full call number | Date last seen | Copy number | Koha item type |
|---|---|---|---|---|---|---|---|---|---|---|---|---|---|---|---|
| Dewey Decimal Classification | Not For Loan | Non-fiction | Central Library, University of Rajshahi | Central Library, University of Rajshahi | Reading Room | 02/07/1982 | Heffer | 13.00 | 333.760942 WHR 1978 | 18/12/2016 | C-1 | Books |